| 000 -CABECERA |
| campo de control de longitud fija |
01789nam a2200337 a 4500 |
| 001 - NÚMERO DE CONTROL |
| campo de control |
000019605 |
| 005 - FECHA Y HORA DE LA ÚLTIMA TRANSACCIÓN |
| campo de control |
20200120222029.0 |
| 008 - DATOS DE LONGITUD FIJA--INFORMACIÓN GENERAL |
| campo de control de longitud fija |
050829s2001 cola gr0 000 d |
| 020 ## - NÚMERO INTERNACIONAL ESTÁNDAR DEL LIBRO |
| Número Internacional Estándar del Libro |
9588061768. |
| 090 ## - LOCALMENTE ASIGNADO TIPO-LC NÚMERO DE CLASIFICACIÓN (OCLC); NÚMERO DE CLASIFICACIÓN LOCAL (RLIN) |
| Número de clasificación (OCLC) (R) ; Numero de clasificación, CALL (RLIN) (NR) |
P |
| Número cutter local (OCLC) ; Número de libro/Signatura topográfica íntegra, CALL (RLIN) |
ANTp |
| 245 10 - MENCIÓN DE TÍTULO |
| Título |
Antología de poesía colombiana para niños / |
| Mención de responsabilidad, etc. |
selección y prólogo de Beatriz Helena Robledo ; ilustraciones de Sandra Ardila. |
| 250 ## - MENCIÓN DE EDICIÓN |
| Mención de edición |
1a. ed. |
| 260 ## - PUBLICACIÓN, DISTRIBUCIÓN, ETC. |
| Lugar de publicación, distribución, etc. |
Bogotá : |
| Nombre del editor, distribuidor, etc. |
Alfaguara, |
| Fecha de publicación, distribución, etc. |
2001. |
| 300 ## - DESCRIPCIÓN FÍSICA |
| Extensión |
119 p. : |
| Otras características físicas |
il. |
| 490 #0 - MENCIÓN DE SERIE |
| Mención de serie |
Alfaguara infantil |
| 500 ## - NOTA GENERAL |
| Nota general |
Incluye información biográfica de los autores al final del texto. |
| 500 ## - NOTA GENERAL |
| Nota general |
Audiencia : Desde 8 años. |
| 500 ## - NOTA GENERAL |
| Nota general |
Incluye índice al final del texto. |
| 500 ## - NOTA GENERAL |
| Nota general |
Ej. 2 de Biblioteca Marichuela : Donado por La Secretaría de Educación de Bogotá. ; Ej. 1 de Biblioteca Chicalá : Donación Premio Santillana de Experiencias Educativas 2005. ; Ej.1 de Biblioparque : 13a. reim. 2010. |
| 500 ## - NOTA GENERAL |
| Nota general |
Ej.1 de Biblioteca Mosquera con ISBN: 9789588061764. Ej.1 de la Biblioteca Subachoque con ISBN : 9789588061764 |
| 504 ## - NOTA DE BIBLIOGRAFÍA, ETC. |
| Nota de bibliografía, etc. |
Incluye bibliografía. |
| 520 3# - SUMARIO, ETC. |
| Sumario, etc. |
"Este libro de poemas para niños, seleccionados por Beatriz Helena Robledo, intenta ofrecer en su conjunto una muestra de las diversas maneras como los poetas colombianos han cantado a la infancia. Algunos lo han hecho desde su propia memoria infantil, otros recreando imágenes, sensaciones, juegos y personajes propios del universo imaginario del pequeño lector." |
| 650 14 - PUNTO DE ACCESO ADICIONAL DE MATERIA--TÉRMINO DE MATERIA |
| Término de materia o nombre geográfico como elemento de entrada |
Poesía infantil. |
| 650 24 - PUNTO DE ACCESO ADICIONAL DE MATERIA--TÉRMINO DE MATERIA |
| Término de materia o nombre geográfico como elemento de entrada |
Literatura infantil. |
| 650 24 - PUNTO DE ACCESO ADICIONAL DE MATERIA--TÉRMINO DE MATERIA |
| Término de materia o nombre geográfico como elemento de entrada |
Literatura colombiana. |
| 650 24 - PUNTO DE ACCESO ADICIONAL DE MATERIA--TÉRMINO DE MATERIA |
| Término de materia o nombre geográfico como elemento de entrada |
Niños en la literatura. |
| 650 24 - PUNTO DE ACCESO ADICIONAL DE MATERIA--TÉRMINO DE MATERIA |
| Término de materia o nombre geográfico como elemento de entrada |
Animales en la literatura. |
| 700 1# - PUNTO DE ACCESO ADICIONAL--NOMBRE DE PERSONA |
| Nombre de persona |
Robledo, Beatriz Helena, |
| Término indicativo de función/relación |
pról. |
| 700 1# - PUNTO DE ACCESO ADICIONAL--NOMBRE DE PERSONA |
| Nombre de persona |
Ardila, Sandra, |
| Término indicativo de función/relación |
il. |
| 901 ## - ELEMENTOS DE DATOS A LOCAL LDA (RLIN) |
| a |
Compra, Alfaguara, 2005, $ 17.500.00. |